| 000 | 00399nam a2200181Ia 4500 | ||
|---|---|---|---|
| 005 | 20250423101749.0 | ||
| 008 | 250422s9999 xx 000 0 und d | ||
| 020 | _a9758752014 | ||
| 050 | _aHD 37 .T8 .T67/ | ||
| 100 | _aEmre, Cahit | ||
| 245 | 0 | _aYönetim Bilimi Yazilari | |
| 260 | _aAnkara | ||
| 260 | _bİmaj | ||
| 260 | _c2003 | ||
| 300 | _a499 p | ||
| 650 | _aManagement | ||
| 942 | _cBK | ||
| 999 |
_c37206 _d37206 |
||